000 00552nam a2200217Ia 4500
003 OSt
005 20220928144919.0
006 a|||||r|||| 00| 0
007 ta
008 220927b |||||||| |||| 00| 0 eng d
024 _a77105
037 _cTextual
040 _aSDCL
_cSDCL
_beng
041 _2eng
_aeng
082 _aV44974,45'N7, L7
100 _aBaral Lok Raj
_9398834
245 0 _aOppositional politics in Nepal.
260 _c1977
942 _hV44974,45'N7, L7
_cTEXL
_2CC
999 _c830512
_d830512